[Event "RUS-chT Clubs U18"]
[Site "Rybinsk"]
[Date "2009.08.06"]
[Round "5"]
[White "Vinogradov, Alexander"]
[Black "Vavulin, Maksim"]
[Result "1/2-1/2"]
[WhiteElo "2415"]
[BlackElo "1983"]
[PlyCount "52"]
[EventDate "2009.08.02"]
[EventType "team-swiss"]
[EventRounds "9"]
[EventCountry "RUS"]
[SourceTitle "CBM 131 Extra"]
[Source "ChessBase"]
[SourceDate "2009.09.03"]
[SourceVersion "2"]
[SourceVersionDate "2009.09.16"]
[SourceQuality "1"]

1. e4 e5 2. Nf3 Nc6 3. d4 exd4 4. Nxd4 Bc5 5. Be3 Qf6 6. c3 Nge7 7. Qa4 Ne5 8. Be2 h5 9. h3 N7g6 10. g3 h4 11. Nd2 hxg3 12. fxg3 Nc6 13. 0-0-0 Nge5 14. Rdf1 Qe7 15. Nf5 Qf8 16. Bxc5 Qxc5 17. Nxg7+ Kf8 18. Nf5 d6 19. Nb3 Qb6 20. Nbd4 Bd7 21. Qc2 Qa5 22. Kb1 Rb8 23. Nb3 Qa4 24. Nbd4 Qa5 25. Nb3 Qa4 26. Nbd4 Qa5 1/2-1/2

[Event "RUS-chT Clubs U18"]
[Site "Rybinsk"]
[Date "2009.08.05"]
[Round "4"]
[White "Afanasiev, Dmitry"]
[Black "Vinogradov, Alexander"]
[Result "0-1"]
[WhiteElo "1977"]
[BlackElo "2415"]
[PlyCount "106"]
[EventDate "2009.08.02"]
[EventType "team-swiss"]
[EventRounds "9"]
[EventCountry "RUS"]
[SourceTitle "CBM 131 Extra"]
[Source "ChessBase"]
[SourceDate "2009.09.03"]
[SourceVersion "2"]
[SourceVersionDate "2009.09.16"]
[SourceQuality "1"]

1. d4 Nf6 2. c4 g6 3. Nc3 d5 4. e3 Bg7 5. Nf3 a6 6. Qb3 c6 7. cxd5 cxd5 8. Bd3 0-0 9. Ne5 e6 10. 0-0 Nfd7 11. f4 f6 12. Nf3 Qb6 13. Qxb6 Nxb6 14. Bd2 Bd7 15. Rac1 Nc6 16. Rfe1 Rac8 17. a3 Rfe8 18. Ne2 Bf8 19. h3 Na4 20. Rc2 b5 21. b3 Nb6 22. Bc1 Na5 23. Nd2 Rxc2 24. Bxc2 Rc8 25. Bd3 Kf7 26. Bb2 Ke8 27. g4 Bd6 28. h4 f5 29. g5 Kf7 30. Kf2 Kg7 31. Rc1 Rxc1 32. Nxc1 Nc6 33. Nf3 Kf7 34. Bc2 Bc8 35. Nd3 Nd7 36. Bd1 Ke8 37. h5 Bb7 38. Nde5 Ndxe5 39. dxe5 Bc5 40. b4 Bb6 41. Be2 Kf7 42. h6 Ke8 43. Ke1 Bxe3 44. a4 bxa4 45. b5 axb5 46. Bxb5 Kf7 47. Bxa4 Bxf4 48. Bb5 d4 49. Nxd4 Nxd4 50. Bxd4 Bxg5 51. Ke2 Bxh6 52. Kd3 Bd5 53. Bc3 Bf4 0-1

[Event "RUS-chT Clubs U18"]
[Site "Rybinsk"]
[Date "2009.08.03"]
[Round "2"]
[White "Vinogradov, Alexander"]
[Black "Urjubdshzirov, Erdni"]
[Result "0-1"]
[WhiteElo "2415"]
[BlackElo "2315"]
[PlyCount "110"]
[EventDate "2009.08.02"]
[EventType "team-swiss"]
[EventRounds "9"]
[EventCountry "RUS"]
[SourceTitle "CBM 131 Extra"]
[Source "ChessBase"]
[SourceDate "2009.09.03"]
[SourceVersion "2"]
[SourceVersionDate "2009.09.16"]
[SourceQuality "1"]

1. e4 c5 2. Nf3 e6 3. d4 cxd4 4. Nxd4 Nc6 5. Nc3 Qc7 6. Be2 a6 7. 0-0 b5 8. Be3 Bb7 9. f4 Bc5 10. Bf3 Qb6 11. Nce2 Nxd4 12. Bxd4 Nf6 13. e5 Nd5 14. Kh1 Bxd4 15. Qxd4 Qxd4 16. Nxd4 Rb8 17. Bxd5 Bxd5 18. Kg1 0-0 19. g3 f6 20. Rf2 Rfc8 21. Rd2 Rc5 22. Re1 Rbc8 23. a3 Bb7 24. c3 Rd5 25. Rde2 fxe5 26. Rxe5 Rxe5 27. Rxe5 Kf7 28. Kf2 g6 29. Ke1 Bd5 30. Kd2 Kf6 31. h4 d6 32. Re3 h5 33. Ke1 Re8 34. Kf2 Rf8 35. Nf3 Re8 36. Nd4 e5 37. fxe5+ dxe5 38. Nc2 Rf8 39. Nb4 Bb7 40. Nd3 e4 41. Nc5 Ke5+ 42. Kg1 Rf7 43. b4 Re7 44. Kf2 Kd5 45. a4 bxa4 46. Nxa4 Bc6 47. Nb6+ Ke5 48. Nc4+ Kf5 49. Nd2 Kg4 50. c4 Kh3 51. b5 axb5 52. cxb5 Bd5 53. b6 Kg4 54. Rc3 Re6 55. Rc5 e3+ 0-1

[Event "Rybinsk op"]
[Site "Rybinsk"]
[Date "2009.06.16"]
[Round "4"]
[White "Vinogradov, Alexander"]
[Black "Iliushkin, Evgeny"]
[Result "1/2-1/2"]
[WhiteElo "1954"]
[BlackElo "2313"]
[PlyCount "63"]
[EventDate "2009.06.14"]
[EventType "swiss"]
[EventRounds "9"]
[EventCountry "RUS"]
[SourceTitle "CBM 131 Extra"]
[Source "ChessBase"]
[SourceDate "2009.09.03"]
[SourceVersion "2"]
[SourceVersionDate "2009.09.16"]
[SourceQuality "1"]

1. e4 c5 2. Nf3 e6 3. d4 cxd4 4. Nxd4 Nf6 5. Nc3 d6 6. Bc4 Nc6 7. 0-0 Be7 8. Kh1 0-0 9. Bg5 d5 10. exd5 Nxd5 11. Bxe7 Ncxe7 12. Nxd5 Nxd5 13. c3 Nb6 14. Bb3 Bd7 15. f4 Bc6 16. Qg4 Nd5 17. Bxd5 Qxd5 18. Nxc6 Qxc6 19. Rad1 Qa6 20. a3 Rad8 21. h3 g6 22. Kh2 Qb5 23. Rf2 Rd5 24. Rfd2 Rfd8 25. Rxd5 Rxd5 26. Rxd5 Qxd5 27. Qe2 b5 28. Kg3 Kf8 29. Qe5 a5 30. Qxd5 exd5 31. b4 axb4 32. axb4 1/2-1/2

[Event "RUS-chT Clubs U18"]
[Site "Rybinsk"]
[Date "2008.08.09"]
[Round "8"]
[White "Vinogradov, Alexander"]
[Black "Pischurina, Ekaterina"]
[Result "1/2-1/2"]
[WhiteElo "2435"]
[BlackElo "1902"]
[PlyCount "82"]
[EventDate "2008.08.02"]
[EventType "team"]
[EventRounds "9"]
[EventCountry "RUS"]
[SourceTitle "EXT 2020"]
[Source "ChessBase"]
[SourceDate "2019.10.17"]
[SourceVersion "1"]
[SourceVersionDate "2019.10.17"]
[SourceQuality "1"]

1. e4 c5 2. Nf3 Nc6 3. d4 cxd4 4. Nxd4 g6 5. Nc3 Bg7 6. Be3 Nf6 7. Nxc6 bxc6 8. e5 Ng8 9. Bf4 Qa5 10. Qe2 Qb4 11. Qc4 Qxb2 12. Rb1 Qa3 13. Na4 e6 14. Bd3 Qe7 15. Be4 Qd8 16. 0-0 Ne7 17. Rfd1 0-0 18. Bg5 Re8 19. Qc5 Bf8 20. Bxc6 Nxc6 21. Qxc6 Bb7 22. Rxb7 Qxg5 23. Qxd7 Re7 24. Qc6 Rxb7 25. Qxb7 Rd8 26. Qb1 Rxd1+ 27. Qxd1 Qxe5 28. c3 h5 29. h4 Bg7 30. g3 Qb5 31. Qc2 Qc4 32. Qb3 Qe2 33. Kg2 Qe4+ 34. Kf1 Be5 35. Nc5 Qc6 36. Na4 Qh1+ 37. Ke2 Qg2 38. c4 Qe4+ 39. Kd1 Qd4+ 40. Ke2 Qe4+ 41. Kd1 Qd4+ 1/2-1/2

[Event "RUS-chT Clubs U18"]
[Site "Rybinsk"]
[Date "2008.08.07"]
[Round "6"]
[White "Vinogradov, Alexander"]
[Black "Ustinov, Alexey"]
[Result "1/2-1/2"]
[WhiteElo "2435"]
[BlackElo "2059"]
[PlyCount "80"]
[EventDate "2008.08.02"]
[EventType "team"]
[EventRounds "9"]
[EventCountry "RUS"]
[SourceTitle "EXT 2020"]
[Source "ChessBase"]
[SourceDate "2019.10.17"]
[SourceVersion "1"]
[SourceVersionDate "2019.10.17"]
[SourceQuality "1"]

1. e4 c5 2. Nf3 d6 3. d4 cxd4 4. Nxd4 Nf6 5. Nc3 a6 6. Bg5 e6 7. f4 Qb6 8. Nb3 Nbd7 9. Qf3 Qc7 10. 0-0-0 b5 11. Bd3 Bb7 12. Rhe1 b4 13. Ne2 a5 14. Nbd4 Be7 15. Bxf6 Nxf6 16. g4 0-0-0 17. Kb1 Nd7 18. c3 Qb6 19. Rc1 Kb8 20. Rc2 d5 21. e5 bxc3 22. Rec1 Bc5 23. Qe3 Rc8 24. Rxc3 Bb4 25. Rxc8+ Rxc8 26. Rxc8+ Kxc8 27. Bxh7 Ba6 28. Bd3 Bc5 29. Kc2 Kd8 30. Bxa6 Qxa6 31. Qd3 Qb6 32. h4 Ke8 33. h5 Bxd4 34. Nxd4 Kf8 35. Qc3 Nc5 36. Nb3 Nxb3 37. axb3 Kg8 38. Qd2 Qc5+ 39. Qc3 Qf2+ 40. Qd2 Qc5+ 1/2-1/2

[Event "RUS-chT Clubs U18"]
[Site "Rybinsk"]
[Date "2008.08.02"]
[Round "1"]
[White "Vinogradov, Alexander"]
[Black "Kretov, Evgenij"]
[Result "1-0"]
[WhiteElo "2435"]
[BlackElo "2182"]
[PlyCount "145"]
[EventDate "2008.08.02"]
[EventType "team"]
[EventRounds "9"]
[EventCountry "RUS"]
[SourceTitle "EXT 2020"]
[Source "ChessBase"]
[SourceDate "2019.10.17"]
[SourceVersion "1"]
[SourceVersionDate "2019.10.17"]
[SourceQuality "1"]

1. e4 c5 2. Nf3 Nc6 3. d4 cxd4 4. Nxd4 g6 5. Be3 Nf6 6. Nc3 Bg7 7. f3 0-0 8. Qd2 d5 9. exd5 Nxd5 10. Nxc6 bxc6 11. Nxd5 cxd5 12. c3 e5 13. 0-0-0 Bb7 14. Be2 Qa5 15. Kb1 Rfd8 16. c4 Qa4 17. b3 Qe8 18. cxd5 Bxd5 19. Qa5 Bc6 20. Rxd8 Rxd8 21. Rd1 Rxd1+ 22. Bxd1 e4 23. f4 Qd7 24. Be2 Bd4 25. Qd2 Bb6 26. Qxd7 Bxd7 27. Bxb6 axb6 28. Kc2 f5 29. Kc3 Kf7 30. h4 Bc6 31. Kd4 Kf6 32. g3 h6 33. a4 g5 34. Bd1 gxf4 35. gxf4 Ke6 36. b4 Kd6 37. Bb3 Be8 38. Ke3 Bd7 39. Kd4 Bc6 40. b5 Be8 41. Bd1 Bf7 42. Bc2 Bh5 43. Bb3 Be2 44. Bc2 Ke6 45. Bb3+ Kd6 46. Bc2 Bf1 47. Bd1 Bd3 48. Bb3 Ke7 49. Bd1 Kf6 50. Kd5 e3 51. Kc6 Bc2 52. Be2 Bxa4 53. Kxb6 Ke6 54. Kc5 Bb3 55. Kd4 Kd6 56. Bd3 Be6 57. Kxe3 Kc5 58. b6 Kxb6 59. Kd4 Kc7 60. Ke5 Bb3 61. Kxf5 Kd8 62. Kg6 Ke7 63. f5 Kf8 64. Kxh6 Kf7 65. Kg5 Bd5 66. h5 Kg7 67. f6+ Kf7 68. Bg6+ Kf8 69. Kf5 Bc4 70. Ke5 Bb3 71. h6 Kg8 72. Bf5 Kh8 73. Be6 1-0

[Event "Kostroma Volga Cup op"]
[Site "Kostroma"]
[Date "2008.07.??"]
[Round "3"]
[White "Obrezchikov, Mikhail"]
[Black "Vinogradov, Alexander"]
[Result "1/2-1/2"]
[WhiteElo "1992"]
[BlackElo "2435"]
[PlyCount "68"]
[EventDate "2008.07.??"]
[EventType "swiss"]
[EventRounds "9"]
[EventCountry "RUS"]
[SourceTitle "EXT 2009"]
[Source "ChessBase"]
[SourceDate "2008.11.26"]
[SourceVersion "1"]
[SourceVersionDate "2008.11.26"]
[SourceQuality "1"]

1. d4 Nf6 2. c4 g6 3. Nc3 d5 4. e3 Bg7 5. Nf3 0-0 6. cxd5 Nxd5 7. Bc4 Nb6 8. Bb3 Nc6 9. 0-0 e5 10. d5 Na5 11. e4 Bg4 12. Bc2 Nac4 13. b3 Nd6 14. Rb1 f5 15. exf5 Nxf5 16. h3 Bxf3 17. Qxf3 Nd4 18. Qe4 Nxc2 19. Qxc2 Nxd5 20. Nxd5 Qxd5 21. Ba3 Rfe8 22. Rfd1 Qf7 23. Qe4 c6 24. Bb2 Re7 25. Rd6 Qf5 26. Qe2 e4 27. Rbd1 Bxb2 28. Qxb2 Rae8 29. Qd4 Qe5 30. Qxa7 e3 31. fxe3 Qxe3+ 32. Qxe3 Rxe3 33. Rd7 R3e7 34. Rxe7 Rxe7 1/2-1/2